Wireless direction finding (Record no. 545850)
[ view plain ]
| 000 -LEADER | |
|---|---|
| fixed length control field | 00396nam a22001457a 4500 |
| 082 ## - DEWEY DECIMAL CLASSIFICATION NUMBER | |
| Classification number | 621.382 |
| Author Mark | Kee |
| -- | L-11, P-53 |
| 100 ## - MAIN ENTRY--PERSONAL NAME | |
| Personal name | Keen, R. |
| 9 (RLIN) | 41823 |
| 245 ## - TITLE STATEMENT | |
| Title | Wireless direction finding |
| Statement of responsibility, etc. | Keen, R. |
| 250 ## - EDITION STATEMENT | |
| Edition statement | 4th |
| 260 ## - PUBLICATION, DISTRIBUTION, ETC. | |
| Place of publication, distribution, etc. | London |
| Name of publisher, distributor, etc. | Ilifee & Sons, Ltd |
| Date of publication, distribution, etc. | 1922 |
| 300 ## - PHYSICAL DESCRIPTION | |
| Extent | xii, 1059 p. : |
| Other physical details | ill, ; |
| Dimensions | 20 cm. |
| 526 ## - STUDY PROGRAM INFORMATION NOTE | |
| Program name | 0 |
| Interest level | 0 |
| Reading level | 0 |
| Title point value | 621_382000000000000_KEE |
| 650 ## - SUBJECT ADDED ENTRY--TOPICAL TERM | |
| Topical term or geographic name entry element | MCE (D) |
| 942 ## - ADDED ENTRY ELEMENTS (KOHA) | |
| Source of classification or shelving scheme | |
| Koha item type | Book |
| Withdrawn status | Lost status | Source of classification or shelving scheme | Damaged status | Not for loan | Permanent Location | Current Location | Date acquired | Total Checkouts | Full call number | Barcode | Date last seen | Price effective from | Koha item type |
|---|---|---|---|---|---|---|---|---|---|---|---|---|---|
| Military College of Engineering (MCE) | Military College of Engineering (MCE) | 05/29/2014 | 621.382 KEE | MCE-40349 | 05/29/2014 | 03/14/2021 | Book |
